[Event "I Open"]
[Site "Calviá"]
[Date "2004.11.06"]
[Round "6"]
[White "Womacka, Mathias"]
[Black "Volke, Karsten"]
[Result "1/2-1/2"]
[WhiteElo "2445"]
[BlackElo "2483"]
[PlyCount "49"]
[EventDate "2004.11.01"]
[Source "Roberto Alvarez"]
[SourceDate "2004.11.08"]

1. e4 e5 2. Nf3 Nc6 3. Bb5 a6 4. Bxc6 dxc6 5. O-O Bg4 6. h3 h5 7. d3 Qf6 8.
Nbd2 Ne7 9. Re1 Ng6 10. d4 Bd6 11. hxg4 hxg4 12. Nh2 Rxh2 13. Qxg4 Rh4 14. Qf5
exd4 15. Nf3 Rh7 16. Bg5 Qe6 17. Qxe6+ fxe6 18. Nxd4 Rh5 19. Be3 Ke7 20. Rad1
Ne5 21. Kf1 Rf8 22. Ke2 Ng4 23. Nf3 Nxe3 24. Kxe3 Rfh8 25. Rd3 1/2-1/2

[Event "Team Ch 2004"]
[Site "Gaia"]
[Date "2004.08.03"]
[Round "2.51"]
[White "Romero Holmes, Alfonso"]
[Black "Rocha, Sergio"]
[Result "1-0"]
[WhiteElo "2517"]
[BlackElo "2413"]
[PlyCount "109"]
[EventDate "2004.08.02"]
[Source "Roberto Alvarez"]
[SourceDate "2004.10.05"]

1. e4 e5 2. Nf3 Nc6 3. Bb5 a6 4. Bxc6 dxc6 5. O-O Bg4 6. h3 h5 7. d3 Qf6 8.
Nbd2 Ne7 9. Re1 Ng6 10. d4 Bxf3 11. Nxf3 Bd6 12. Be3 Nf4 13. dxe5 Bxe5 14. Nxe5
Qxe5 15. Bxf4 Qxf4 16. Qd4 O-O 17. Rad1 Rfe8 18. Rd3 c5 19. Qxc5 Rxe4 20. Rxe4
Qxe4 21. Qxc7 g6 22. Re3 Qb4 23. Qc3 Qd6 24. Rd3 Qe6 25. b3 Rc8 26. Qd2 b5 27.
Rd8+ Rxd8 28. Qxd8+ Kh7 29. Qd2 Qe4 30. c3 Kg8 31. Qc1 Kf8 32. c4 bxc4 33. bxc4
Qc6 34. Qa3+ Ke8 35. Qe3+ Kd7 36. Qd4+ Qd6 37. Qa7+ Ke6 38. c5 Qc6 39. h4 f5
40. Kh2 Kd5 41. Kg3 f4+ 42. Kh2 Qf6 43. Qb6 Qxh4+ 44. Kg1 Qe7 45. c6 Qe6 46.
Qxa6 Qe1+ 47. Qf1 Qc3 48. Qb5+ Ke4 49. Qb1+ Ke5 50. Qb8+ Ke4 51. c7 Qe1+ 52.
Kh2 Qxf2 53. Qb1+ Ke5 54. c8=Q Qg3+ 55. Kh1 1-0

[Event "22nd Open"]
[Site "Andorra la Vella"]
[Date "2004.07.09"]
[Round "7"]
[White "Erenburg, Sergey"]
[Black "Fressinet, Laurent"]
[Result "1/2-1/2"]
[WhiteElo "2533"]
[BlackElo "2637"]
[PlyCount "53"]
[EventDate "2004.07.03"]
[Source "Roberto Alvarez"]
[SourceDate "2004.07.12"]

1. e4 e5 2. Nf3 Nc6 3. Bb5 a6 4. Bxc6 dxc6 5. O-O Bg4 6. h3 h5 7. d3 Qf6 8.
Nbd2 Ne7 9. Nc4 Bxf3 10. Qxf3 Qxf3 11. gxf3 Ng6 12. Be3 Be7 13. Rfb1 c5 14. Kf1
f6 15. Ke2 Kf7 16. a3 a5 17. a4 b6 18. Rg1 Bd6 19. Rg3 Nf8 20. f4 exf4 21.
Nxd6+ cxd6 22. Bxf4 Ne6 23. Be3 g6 24. Rag1 Rhg8 25. Kd2 Rad8 26. f4 Nc7 27. c4
1/2-1/2

[Event "ACP Blitz Octofinal-C 3rd"]
[Site "playchess.com INT"]
[Date "2004.06.05"]
[Round "4"]
[White "Petrosian, Tigran L"]
[Black "Fressinet, Laurent"]
[Result "0-1"]
[WhiteElo "2539"]
[BlackElo "2638"]
[PlyCount "184"]
[EventDate "2004.06.05"]
[Source "ChessBase"]
[SourceDate "2004.07.06"]

1. e4 e5 2. Nf3 Nc6 3. Bb5 a6 4. Bxc6 dxc6 5. O-O Bg4 6. h3 h5 7. d3 Qf6 8.
Nbd2 Ne7 9. Re1 Ng6 10. hxg4 hxg4 11. g3 gxf3 12. Qxf3 Qd6 13. Nc4 Qd7 14. Qf5
Bd6 15. Bg5 Nf8 16. Nxe5 Qe6 17. Nf3 Qxf5 18. exf5+ Kd7 19. d4 f6 20. Bd2 Re8
21. Rxe8 Kxe8 22. Re1+ Kd7 23. Kg2 Kd8 24. Rh1 Rxh1 25. Kxh1 Nd7 26. Kg2 Ke7
27. g4 c5 28. dxc5 Nxc5 29. Ne1 Nd7 30. f4 b5 31. Kf3 Nb6 32. b3 c5 33. Nd3 Kd7
34. Ke4 Kc6 35. g5 Nd5 36. c4 Nb6 37. Nb2 Be7 38. Bc3 Nd7 39. Nd3 Nb6 40. Nb2
Nc8 41. Kf3 Nd6 42. Kg4 Ne4 43. Be1 fxg5 44. Nd3 gxf4 45. Kxf4 Nd6 46. Ne5+ Kb6
47. Nd7+ Kc6 48. Ne5+ Kc7 49. Bf2 Ne8 50. Nd3 Kc6 51. Ke5 Nc7 52. Kf4 Ne8 53.
Ne5+ Kc7 54. a4 bxa4 55. bxa4 Bd6 56. Be1 Nf6 57. Ba5+ Kc8 58. Bc3 Kc7 59. Kf3
Kd8 60. Ng4 Ne8 61. Ke4 Kd7 62. Bb2 Be7 63. Ne5+ Kc7 64. Bc3 Nf6+ 65. Kf3 Ne8
66. Ba5+ Kc8 67. Ng6 Bf6 68. Nf4 Nd6 69. Nd5 Nxf5 70. Bc7 Ne7 71. Nxe7+ Kxc7
72. Ng6 Kb6 73. Ke4 Ka5 74. Kd5 Bd4 75. Nf4 Kxa4 76. Ne6 Be3 77. Nxg7 Kb3 78.
Nf5 Bg1 79. Nd6 a5 80. Ne4 a4 81. Nd2+ Kc2 82. Nf3 Bf2 83. Ng5 a3 84. Ne4 Bg1
85. Ng3 a2 86. Ne2 Be3 87. Ng3 a1=Q 88. Nf5 Qd1+ 89. Kc6 Qf3+ 90. Kb5 Qxf5 91.
Ka4 Qe6 92. Ka3 Qa6# 0-1

[Event "ACP Blitz Final"]
[Site "playchess.com INT"]
[Date "2004.04.17"]
[Round "1.1"]
[White "Kobalija, Mihail"]
[Black "Kazhgaleyev, Murtas"]
[Result "1/2-1/2"]
[WhiteElo "2630"]
[BlackElo "2596"]
[PlyCount "86"]
[EventDate "2004.04.17"]
[Source "ChessBase"]
[SourceDate "2004.05.04"]

1. e4 e5 2. Nf3 Nc6 3. Bb5 a6 4. Bxc6 dxc6 5. O-O Bg4 6. h3 h5 7. d3 Qf6 8. Be3
Bxf3 9. Qxf3 Qxf3 10. gxf3 Ne7 11. Nd2 Ng6 12. Rfb1 Bd6 13. Kf1 Kd7 14. Ke2 Nf8
15. b4 Ne6 16. a4 g6 17. Nc4 f5 18. c3 Rhg8 19. Na5 b6 20. Nc4 f4 21. Bd2 g5
22. Rg1 Rg7 23. Bc1 b5 24. Na5 c5 25. bxc5 Bxc5 26. Nb3 Rb8 27. axb5 axb5 28.
Bb2 Bd6 29. d4 Ke7 30. Na5 Rb6 31. d5 Nc5 32. Nc6+ Kf6 33. Ra8 Ra6 34. Rxa6
Nxa6 35. Ra1 Nc5 36. Ba3 g4 37. hxg4 hxg4 38. Bxc5 Bxc5 39. fxg4 Rxg4 40. Nb8
Ke7 41. Nc6+ Kf6 42. Nb8 Ke7 43. Nc6+ Kf6 1/2-1/2

[Event "ACP Blitz Final"]
[Site "playchess.com INT"]
[Date "2004.04.17"]
[Round "1.3"]
[White "Kobalija, Mihail"]
[Black "Kazhgaleyev, Murtas"]
[Result "1-0"]
[WhiteElo "2630"]
[BlackElo "2596"]
[PlyCount "81"]
[EventDate "2004.04.17"]
[Source "ChessBase"]
[SourceDate "2004.05.04"]

1. e4 e5 2. Nf3 Nc6 3. Bb5 a6 4. Bxc6 dxc6 5. O-O Bg4 6. h3 h5 7. d3 Qf6 8. Be3
Bxf3 9. Qxf3 Qxf3 10. gxf3 Bd6 11. Nd2 Ne7 12. Rfb1 Kd7 13. b4 Ng6 14. Kf1 Nf8
15. c3 Ne6 16. Ke2 Rhf8 17. d4 f5 18. d5 cxd5 19. exd5 Nd8 20. Rg1 Rf7 21. Nc4
b5 22. Na5 f4 23. Bc5 Re7 24. Rg6 e4 25. fxe4 Rxe4+ 26. Kf3 Re7 27. Bd4 Nf7 28.
Rxg7 Ne5+ 29. Bxe5 Bxe5 30. Rxe7+ Kxe7 31. Re1 Kd6 32. c4 Bc3 33. Nb7+ Kd7 34.
Nc5+ Kd8 35. Rg1 Ke7 36. Rg6 Bxb4 37. Rxa6 Rb8 38. Re6+ Kf7 39. Na6 Ra8 40.
Nxb4 bxc4 41. Rc6 1-0

[Event "31. Internacional La Roda"]
[Site "La Roda"]
[Date "2004.04.11"]
[Round "9"]
[White "De la Villa Garcia, Jesus Maria"]
[Black "Delchev, Aleksander"]
[Result "1/2-1/2"]
[WhiteElo "2459"]
[BlackElo "2602"]
[PlyCount "60"]
[EventDate "2004.04.07"]
[Source "Roberto Alvarez"]
[SourceDate "2004.04.19"]

1. e4 e5 2. Nf3 Nc6 3. Bb5 a6 4. Bxc6 dxc6 5. O-O Bg4 6. h3 h5 7. d3 Qf6 8. Be3
Bxf3 9. Qxf3 Qxf3 10. gxf3 Bd6 11. Nd2 Ne7 12. Rfb1 c5 13. Kf1 a5 14. a4 Nc6
15. c3 f6 16. Ke2 b6 17. Rg1 Kf7 18. Nc4 Rad8 19. Rg2 h4 20. Rag1 g5 21. Rd1
Rd7 22. Rgg1 Rhd8 23. Bc1 Rb8 24. Be3 Be7 25. Ra1 Ke8 26. Rgd1 Nd8 27. Rd2 Ne6
28. Rdd1 Bd8 29. Ra3 Ra8 30. Ra2 Ra6 1/2-1/2

[Event "zt 3.2a"]
[Site "Ho Chi Minh City"]
[Date "2003.06.22"]
[Round "2"]
[White "Nguyen Anh Dung"]
[Black "Irwanto, Sadikin"]
[Result "1/2-1/2"]
[WhiteElo "2530"]
[BlackElo "2405"]
[PlyCount "68"]
[EventDate "2003.06.21"]
[Source "Roberto Alvarez"]
[SourceDate "2003.07.07"]

1. e4 e5 2. Nf3 Nc6 3. Bb5 a6 4. Bxc6 dxc6 5. O-O Bg4 6. h3 h5 7. d3 Qf6 8.
Nbd2 Ne7 9. Re1 Ng6 10. hxg4 hxg4 11. g3 gxf3 12. Qxf3 Qxf3 13. Nxf3 f6 14. Kg2
Bc5 15. Bd2 Nf8 16. Rh1 Rxh1 17. Rxh1 Ng6 18. Ng1 Kf7 19. Ne2 Rh8 20. Rd1 Bd6
21. d4 Rd8 22. Be3 exd4 23. Bxd4 Re8 24. Kf3 c5 25. Bc3 b5 26. b3 b4 27. Bb2 a5
28. a4 bxa3 29. Bxa3 a4 30. bxa4 Ne5+ 31. Kg2 Nc4 32. Bc1 Rxe4 33. Nc3 Re8 34.
Bf4 Ra8 1/2-1/2

[Event "Balatonlelle GM"]
[Site "?"]
[Date "2003.06.23"]
[Round "3"]
[White "Balogh Csaba"]
[Black "Pinter Jozsef"]
[Result "1-0"]
[WhiteElo "2471"]
[BlackElo "2570"]
[PlyCount "75"]
[EventDate "2003.??.??"]
[Source "www.chesslib.no"]
[SourceDate "2004.05.04"]

1. e4 e5 2. Nf3 Nc6 3. Bb5 a6 4. Bxc6 dxc6 5. O-O Bg4 6. h3 h5 7. d3 Qf6 8. Be3
Bxf3 9. Qxf3 Qxf3 10. gxf3 Ne7 11. Nd2 Ng6 12. Nc4 Be7 13. Rfd1 O-O 14. Kf1 f5
15. Ke2 Kh7 16. Rg1 Rae8 17. c3 Bf6 18. b4 b6 19. a4 Rf7 20. a5 f4 21. Bxb6
cxb6 22. Nd6 Ref8 23. Nxf7 Rxf7 24. axb6 Rb7 25. Rxa6 Bd8 26. c4 Bxb6 27. c5
Bd8 28. Rxc6 Nh4 29. Rb1 Ra7 30. Rb2 Ng2 31. Kf1 Nh4 32. Ke2 Ng2 33. Kf1 Nh4
34. Rc8 Be7 35. Ke2 Ra1 36. b5 Ng2 37. b6 Bh4 38. b7 1-0

[Event "Dieren op"]
[Site "Dieren"]
[Date "2002.07.13"]
[Round "5"]
[White "Meijers, Viesturs"]
[Black "Iuldachev, Saidali"]
[Result "1-0"]
[WhiteElo "2475"]
[BlackElo "2516"]
[PlyCount "111"]
[EventDate "2002.07.09"]
[Source "ChessBase"]
[SourceDate "2002.09.11"]

1. e4 e5 2. Nf3 Nc6 3. Bb5 a6 4. Bxc6 dxc6 5. O-O Bg4 6. h3 h5 7. d3 Qf6 8.
Nbd2 Ne7 9. Nc4 Bxf3 10. Qxf3 Qxf3 11. gxf3 Ng6 12. Be3 Bd6 13. Rfd1 f6 14. Kf1
Rd8 15. Ke2 Kf7 16. c3 c5 17. Rac1 Rhe8 18. Rc2 b6 19. a3 Nf8 20. d4 exd4 21.
cxd4 cxd4 22. Nxd6+ Rxd6 23. Rxc7+ Kg8 24. Rxd4 Rxd4 25. Bxd4 Ne6 26. Rd7 Rc8
27. Be3 Rc2+ 28. Rd2 Rc6 29. f4 g6 30. b4 b5 31. Rd7 Rc2+ 32. Kf3 Rc3 33. Rd6
Kf7 34. Rxa6 Nd4+ 35. Kg2 Nc2 36. Ra7+ Kg8 37. Bc5 Rxa3 38. Rb7 Ne1+ 39. Kf1
Nd3 40. Rxb5 Nxf4 41. Ke1 Rxh3 42. Bd6 Ne6 43. Rb8+ Kg7 44. b5 Rb3 45. b6 h4
46. Re8 Nd4 47. Re7+ Kh6 48. b7 Nc6 49. Rf7 Nd8 50. Bf4+ g5 51. Rxf6+ Kg7 52.
Be5 Rxb7 53. Rd6+ Kh7 54. Rxd8 Re7 55. Rd5 h3 56. Kf1 1-0

[Event "Corr"]
[Site "?"]
[Date "2002.02.15"]
[Round "?"]
[White "Kolcak Marek"]
[Black "Cepela Vladimir"]
[Result "1/2-1/2"]
[WhiteElo "2540"]
[BlackElo "2448"]
[PlyCount "36"]
[EventDate "2002.??.??"]
[Source "www.chesslib.no"]
[SourceDate "2004.05.04"]

1. e4 e5 2. Nf3 Nc6 3. Bb5 a6 4. Bxc6 dxc6 5. O-O Bg4 6. h3 h5 7. d3 Qf6 8.
Nbd2 g5 9. d4 exd4 10. Nb3 Bxf3 11. Qxf3 Qxf3 12. gxf3 c5 13. Bxg5 b6 14. Rad1
Ne7 15. Kh1 Nc6 16. Nc1 Rg8 17. Rg1 Be7 18. f4 Kd7 1/2-1/2

[Event "American Continental 1st"]
[Site "Cali"]
[Date "2001.08.13"]
[Round "4"]
[White "Zapata, Alonso"]
[Black "Roselli Mailhe, Bernardo"]
[Result "1-0"]
[WhiteElo "2530"]
[BlackElo "2428"]
[PlyCount "95"]
[EventDate "2001.08.09"]
[Source "ChessBase"]
[SourceDate "2001.09.11"]

1. e4 e5 2. Nf3 Nc6 3. Bb5 a6 4. Bxc6 dxc6 5. O-O Bg4 6. h3 h5 7. d3 Qf6 8.
Nbd2 Ne7 9. Nc4 Bxf3 10. Qxf3 Qxf3 11. gxf3 Ng6 12. Rd1 O-O-O 13. Kf1 Be7 14.
Be3 Bf6 15. c3 Rd7 16. b4 Rhd8 17. Ke2 b6 18. a4 Kb7 19. Ra3 Be7 20. Rb3 Bf6
21. Rd2 Be7 22. Rb1 Bf6 23. Rb3 Be7 24. d4 Bf6 25. dxe5 Rxd2+ 26. Bxd2 Nxe5 27.
Nxe5 Bxe5 28. f4 Bf6 29. f5 Be7 30. Be3 a5 31. bxa5 Ra8 32. axb6 Rxa4 33. bxc7+
Kxc7 34. Kd3 Bd6 35. Rb1 c5 36. Rg1 c4+ 37. Kd4 Kc6 38. e5 Bf8 39. Ke4 Ra3 40.
Bd4 Ra2 41. Rg5 Re2+ 42. Be3 Rc2 43. Kd4 Kb5 44. e6 fxe6 45. fxe6+ Kc6 46. Kxc4
Be7 47. Rxg7 Bf6 48. Rf7 1-0

[Event "Capablanca mem Premier II 36th"]
[Site "Havana"]
[Date "2001.05.07"]
[Round "3"]
[White "Zapata, Alonso"]
[Black "Otero, Diasmany"]
[Result "0-1"]
[WhiteElo "2492"]
[BlackElo "2416"]
[PlyCount "96"]
[EventDate "2001.05.05"]
[Source "ChessBase"]
[SourceDate "2001.07.03"]

1. e4 e5 2. Nf3 Nc6 3. Bb5 a6 4. Bxc6 dxc6 5. O-O Bg4 6. h3 h5 7. d3 Qf6 8.
Nbd2 Ne7 9. Nc4 Bxf3 10. Qxf3 Qxf3 11. gxf3 Ng6 12. Rd1 Be7 13. Kf1 O-O-O 14.
Be3 Bf6 15. a4 Rhe8 16. c3 Nf8 17. b4 Ne6 18. Ke2 b6 19. Ra2 Kb7 20. Rad2 Rd7
21. d4 exd4 22. cxd4 g6 23. a5 b5 24. Na3 Red8 25. Nc2 Bg7 26. f4 f5 27. d5 Nf8
28. dxc6+ Kxc6 29. Rxd7 Rxd7 30. Rxd7 Kxd7 31. exf5 gxf5 32. Bd4 Bxd4 33. Nxd4
Ne6 34. Nxf5 Nxf4+ 35. Kd2 Nxh3 36. Ke3 Ke6 37. Ng7+ Kd5 38. Nxh5 Kc4 39. f4
Kxb4 40. f5 Kc5 41. Ng7 Ng5 42. Ne8 Kc6 43. Kd4 Nf7 44. Ng7 Nd6 45. Ke5 b4 46.
Ne6 Nxf5 47. Kxf5 Kd6 48. Nd4 Kd5 0-1

[Event "IV Copa Mercosur, Vicente Lopez ARG"]
[Site "?"]
[Date "2001.??.??"]
[Round "9"]
[White "Valerga, D."]
[Black "Matsuura, E."]
[Result "1-0"]
[WhiteElo "2465"]
[BlackElo "2465"]
[PlyCount "87"]
[EventDate "2001.??.??"]
[Source "www.chesslib.no"]
[SourceDate "2004.05.04"]

1. e4 e5 2. Nf3 Nc6 3. Bb5 a6 4. Bxc6 dxc6 5. O-O Bg4 6. h3 h5 7. d3 Qf6 8.
Nbd2 g5 9. Nc4 Bxf3 10. Qxf3 Qxf3 11. gxf3 f6 12. h4 gxh4 13. f4 exf4 14. Bxf4
O-O-O 15. Kh2 Bh6 16. Bxh6 Nxh6 17. f3 Rhg8 18. Ne3 Rg5 19. Ng2 c5 20. Rad1 f5
21. Nxh4 c4 22. Ng2 cxd3 23. cxd3 fxe4 24. dxe4 Rb5 25. Rxd8+ Kxd8 26. Rf2 a5
27. Ne3 a4 28. Rd2+ Ke8 29. Kg3 Nf7 30. Nd5 Rc5 31. Rh2 c6 32. Nf6+ Ke7 33.
Nxh5 Rg5+ 34. Kf4 Rb5 35. Ng3 Nd6 36. e5 Rb4+ 37. Kg5 Nc4 38. Rh4 b5 39. Nf5+
Ke6 40. b3 axb3 41. axb3 Kxe5 42. bxc4 Rxc4 43. Rxc4 bxc4 44. f4+ 1-0

[Event "Valjevo"]
[Site "Valjevo"]
[Date "2000.06.21"]
[Round "5"]
[White "Markovic, Miroslav"]
[Black "Kozakov, Mikhail"]
[Result "1-0"]
[WhiteElo "2586"]
[BlackElo "2426"]
[PlyCount "91"]
[EventDate "2000.06.17"]
[Source "ChessBase"]
[SourceDate "2000.07.11"]

1. e4 e5 2. Nf3 Nc6 3. Bb5 a6 4. Bxc6 dxc6 5. O-O Bg4 6. h3 h5 7. d3 Qf6 8.
Nbd2 Ne7 9. Re1 Ng6 10. hxg4 hxg4 11. g3 Bd6 12. Nh4 Nxh4 13. Qxg4 Bc5 14. Re2
Qg6 15. Qxg6 Nxg6 16. Nc4 O-O-O 17. Kg2 b5 18. Na5 Rd6 19. Nb3 Bb6 20. a4 Nf4+
21. Bxf4 exf4 22. axb5 cxb5 23. Rxa6 Kb7 24. Ra1 Rdh6 25. Rae1 Rf6 26. Nd2 fxg3
27. fxg3 Rfh6 28. Nf3 Ra8 29. c3 b4 30. Ne5 bxc3 31. bxc3 Ra3 32. Rc2 f6 33.
Nc4 Rb3 34. d4 Kc6 35. e5 fxe5 36. Rxe5 Rf6 37. Rg5 g6 38. Ne5+ Kd6 39. Nxg6 c5
40. Nf4 cxd4 41. cxd4 Rh6 42. Rd5+ Ke7 43. Re2+ Kf8 44. Rd7 Rb1 45. Kf3 Rb3+
46. Kg4 1-0

[Event "UKR-chT"]
[Site "Alushta"]
[Date "2000.??.??"]
[Round "9"]
[White "Stets, Dmitry"]
[Black "Fedorchuk, Sergey A"]
[Result "1/2-1/2"]
[WhiteElo "2403"]
[BlackElo "2406"]
[PlyCount "80"]
[EventDate "2000.04.15"]
[Source "www.chesslib.no"]
[SourceDate "2004.05.04"]

1. e4 e5 2. Nf3 Nc6 3. Bb5 a6 4. Bxc6 dxc6 5. O-O Bg4 6. h3 h5 7. d3 Qf6 8.
Nbd2 Ne7 9. Nc4 Bxf3 10. Qxf3 Qxf3 11. gxf3 Ng6 12. Be3 c5 13. a4 b6 14. Kh1
Bd6 15. Rg1 Ke7 16. Bd2 Kf6 17. Ne3 Nf4 18. Nf5 g6 19. Bxf4 exf4 20. Nxd6 cxd6
21. c3 b5 22. d4 cxd4 23. cxd4 Rhc8 24. Kg2 Ke6 25. Rgc1 f5 26. b3 g5 27. Rxc8
Rxc8 28. axb5 axb5 29. Ra5 Rb8 30. Ra6 fxe4 31. fxe4 g4 32. e5 Rd8 33. Rb6 Kf5
34. exd6 Ke4 35. hxg4 hxg4 36. Rxb5 Rxd6 37. Rg5 Rxd4 38. Rxg4 Rb4 39. Rg8 Rxb3
40. Re8+ Kf5 1/2-1/2

[Event "Corr"]
[Site "?"]
[Date "2000.??.??"]
[Round "?"]
[White "Diani Jose Angel"]
[Black "Menendez Daniel"]
[Result "0-1"]
[WhiteElo "2443"]
[BlackElo "2422"]
[PlyCount "82"]
[EventDate "2000.??.??"]
[Source "www.chesslib.no"]
[SourceDate "2004.05.04"]

1. e4 e5 2. Nf3 Nc6 3. Bb5 a6 4. Bxc6 dxc6 5. O-O Bg4 6. h3 h5 7. d3 Qf6 8.
Nbd2 Ne7 9. Re1 Ng6 10. d4 Nf4 11. hxg4 hxg4 12. g3 gxf3 13. Qxf3 Ne6 14. dxe5
Qxe5 15. Qf5 Qc5 16. Nf3 g6 17. Qxc5 Bxc5 18. Rd1 Ke7 19. Bd2 f6 20. Bc3 Rh3
21. Kg2 Rah8 22. e5 f5 23. b4 Ba7 24. a4 g5 25. Bd2 g4 26. Nh4 f4 27. Ng6+ Ke8
28. gxf4 R8h5 29. Be3 Bxe3 30. fxe3 Kf7 31. f5 Rxf5 32. Nf4 Rxe3 33. Nxe6 Kxe6
34. Rd8 Rf4 35. Rb1 Rc4 36. Rb2 Re2+ 37. Kg1 Rexc2 38. Rxc2 Rxc2 39. Re8+ Kd7
40. Rb8 b5 41. axb5 axb5 0-1

[Event "MK Cafe Cup-B"]
[Site "Koszalin"]
[Date "1999.08.06"]
[Round "4"]
[White "Kasparov, Sergey"]
[Black "Kazhgaleyev, Murtas"]
[Result "1-0"]
[WhiteElo "2425"]
[BlackElo "2531"]
[PlyCount "81"]
[EventDate "1999.08.03"]
[Source "www.chesslib.no"]
[SourceDate "2004.05.04"]

1. e4 e5 2. Nf3 Nc6 3. Bb5 a6 4. Bxc6 dxc6 5. O-O Bg4 6. h3 h5 7. d3 Qf6 8.
Nbd2 Ne7 9. Nc4 Bxf3 10. Qxf3 Qxf3 11. gxf3 Ng6 12. Be3 f6 13. Rfd1 c5 14. Kf1
Kf7 15. c3 Be7 16. d4 exd4 17. cxd4 cxd4 18. Rxd4 Rhd8 19. Rad1 Nf8 20. f4 g6
21. f5 gxf5 22. exf5 Rxd4 23. Rxd4 b5 24. Na5 Bc5 25. Rh4 Bxe3 26. fxe3 c5 27.
Rxh5 c4 28. Nb7 Kg7 29. Rh4 Rc8 30. Rg4+ Kh6 31. Ke2 Nd7 32. Nd6 Rc5 33. Rg6+
Kh7 34. Ne8 Rc8 35. Nxf6+ Nxf6 36. Rxf6 Rg8 37. Rg6 Rxg6 38. fxg6+ Kxg6 39. e4
Kf6 40. Ke3 Ke5 41. h4 1-0

[Event "Ubeda op"]
[Site "Ubeda"]
[Date "1999.01.22"]
[Round "3"]
[White "De la Villa Garcia, Jesus Maria"]
[Black "Kazhgaleyev, Murtas"]
[Result "1/2-1/2"]
[WhiteElo "2500"]
[BlackElo "2550"]
[PlyCount "78"]
[EventDate "1999.01.??"]
[Source "ChessBase"]
[SourceDate "1999.03.01"]

1. e4 e5 2. Nf3 Nc6 3. Bb5 a6 4. Bxc6 dxc6 5. O-O Bg4 6. h3 h5 7. d3 Qf6 8.
Nbd2 Ne7 9. Re1 Ng6 10. d4 Nf4 11. hxg4 hxg4 12. g3 Nh3+ 13. Kg2 exd4 14. Rh1
O-O-O 15. Qe2 Bc5 16. Nb3 gxf3+ 17. Qxf3 Qxf3+ 18. Kxf3 Ba7 19. Kg2 Nxf2 20.
Rxh8 Rxh8 21. Kxf2 Rh2+ 22. Kf3 Rxc2 23. Rb1 c5 24. Bf4 c4 25. Na1 Rh2 26. g4
Rh3+ 27. Kg2 Rh4 28. Kg3 Rh8 29. Nc2 b5 30. g5 f6 31. gxf6 gxf6 32. Kg4 Rg8+
33. Kf5 Rg2 34. Nb4 Rf2 35. Nd5 d3 36. Nxf6 Be3 37. Nd5 Bxf4 38. Nxf4 b4 39.
Ke5 d2 1/2-1/2

[Event "Corr"]
[Site "?"]
[Date "1999.??.??"]
[Round "?"]
[White "Dos Reis Luis Simoes"]
[Black "Geenen Marc"]
[Result "1/2-1/2"]
[WhiteElo "2432"]
[BlackElo "2587"]
[PlyCount "45"]
[EventDate "1999.??.??"]
[Source "www.chesslib.no"]
[SourceDate "2004.05.04"]

1. e4 e5 2. Nf3 Nc6 3. Bb5 a6 4. Bxc6 dxc6 5. O-O Bg4 6. h3 h5 7. d3 Qf6 8.
Nbd2 Ne7 9. Re1 Ng6 10. d4 Nf4 11. dxe5 Qg6 12. Nh4 Bxd1 13. Nxg6 Nxg6 14. Rxd1
O-O-O 15. Re1 Nxe5 16. Nf3 Nxf3+ 17. gxf3 Bb4 18. c3 Bc5 19. Kf1 Rd3 20. Ke2
Rhd8 21. Rg1 g6 22. Bf4 b5 23. Rac1 1/2-1/2

[Event "SSDF 40-2, DK Bramming"]
[Site "?"]
[Date "1999.04.27"]
[Round "18"]
[White "MChess 8 P200MMX 60MB"]
[Black "Nimzo 99 P200MMX 47MB"]
[Result "1-0"]
[WhiteElo "2481"]
[BlackElo "2565"]
[PlyCount "126"]
[EventDate "1999.??.??"]
[Source "www.chesslib.no"]
[SourceDate "2004.05.04"]

1. e4 e5 2. Nf3 Nc6 3. Bb5 a6 4. Bxc6 dxc6 5. O-O Bg4 6. h3 h5 7. d3 Qf6 8.
Nbd2 Ne7 9. Re1 Ng6 10. d4 Bd6 11. hxg4 hxg4 12. Nh2 Rxh2 13. Qxg4 Qh4 14. Qxh4
Rxh4 15. Nf3 Rh5 16. dxe5 Bxe5 17. Nxe5 Nxe5 18. Bf4 O-O-O 19. Rad1 Rd6 20. f3
Rf6 21. Bg3 Rg6 22. Kf2 Nc4 23. b3 Rhg5 24. Rh1 b5 25. Rh3 Nd6 26. a3 Kb7 27.
Rd2 c5 28. c3 Kc6 29. Rd1 c4 30. b4 Kb7 31. Rg1 Re6 32. Bf4 Rgg6 33. Rh5 Nc8
34. Rd1 Nd6 35. Rhd5 Rgf6 36. g3 Rg6 37. g4 Rgf6 38. Kg3 Rg6 39. R5d2 Kc6 40.
Ra2 Kb7 41. Rd4 Kb6 42. a4 c5 43. bxc5+ Kxc5 44. Rd5+ Kb6 45. Rb2 Kc6 46. Bxd6
Rxd6 47. axb5+ Kd7 48. Rf5 Rgf6 49. b6 Kc8 50. e5 Rxf5 51. gxf5 Rh6 52. b7+ Kb8
53. Rd2 Kxb7 54. Rd7+ Kc6 55. Rxf7 Rh1 56. Kf4 Rh4+ 57. Kg5 Rh3 58. Rxg7 Rxf3
59. Rg6+ Kc7 60. Rxa6 Rxc3 61. f6 Rg3+ 62. Kf4 Rg1 63. Ra7+ Kb6 1-0

[Event "Sarkisov mem"]
[Site "Krasnodar"]
[Date "1999.??.??"]
[Round "14.2"]
[White "Nadyrhanov, Sergey"]
[Black "Kuzmin, Gennadi P"]
[Result "1/2-1/2"]
[WhiteElo "2467"]
[BlackElo "2546"]
[PlyCount "22"]
[EventDate "1999.??.??"]
[Source "ChessBase"]
[SourceDate "2000.04.05"]

1. e4 e5 2. Nf3 Nc6 3. Bb5 a6 4. Bxc6 dxc6 5. O-O Bg4 6. h3 h5 7. c3 Qd3 8.
hxg4 hxg4 9. Nxe5 Bd6 10. Nxd3 Bh2+ 11. Kh1 Bd6+ 1/2-1/2

[Event "Najdorf Festival op"]
[Site "Buenos Aires"]
[Date "1998.10.30"]
[Round "7"]
[White "Zapata, Alonso"]
[Black "Blatny, Pavel"]
[Result "1/2-1/2"]
[WhiteElo "2470"]
[BlackElo "2520"]
[PlyCount "92"]
[EventDate "1998.10.??"]
[Source "ChessBase"]
[SourceDate "1999.01.01"]

1. e4 e5 2. Nf3 Nc6 3. Bb5 a6 4. Bxc6 dxc6 5. O-O Bg4 6. h3 h5 7. d3 Bd6 8.
Nbd2 c5 9. b3 Be6 10. Nc4 f6 11. c3 b5 12. Nxd6+ cxd6 13. d4 Qc7 14. Be3 Ne7
15. Qd2 Rd8 16. Rfd1 Kf7 17. dxe5 dxe5 18. Qe2 Qc6 19. Rxd8 Rxd8 20. Nd2 g6 21.
a4 c4 22. axb5 axb5 23. b4 Rd3 24. Ra3 Bc8 25. Bc5 Qd7 26. Nf1 Nc6 27. f3 Nd4
28. Qxd3 cxd3 29. cxd4 exd4 30. Rxd3 Qe6 31. Rxd4 Qa2 32. Ne3 Be6 33. Rd8 h4
34. Rd1 Qe2 35. Ra1 g5 36. Nd5 Kg6 37. Ne7+ Kh6 38. Kh2 Qd2 39. Kg1 Qe2 40. Kh2
Qd2 41. Kg1 Qf4 42. Ra6 Qc1+ 43. Kh2 Qf4+ 44. Kh1 Qc1+ 45. Kh2 Qf4+ 46. Kh1
Qc1+ 1/2-1/2

[Event "FRA-ch"]
[Site "Meribel"]
[Date "1998.08.22"]
[Round "9"]
[White "Marciano, David"]
[Black "Chabanon, Jean Luc"]
[Result "1-0"]
[WhiteElo "2525"]
[BlackElo "2490"]
[PlyCount "97"]
[EventDate "1998.08.14"]
[Source "ChessBase"]
[SourceDate "1998.11.30"]

1. e4 e5 2. Nf3 Nc6 3. Bb5 a6 4. Bxc6 dxc6 5. O-O Bg4 6. h3 h5 7. d3 Qf6 8. Be3
Bxf3 9. Qxf3 Qxf3 10. gxf3 Bd6 11. Nd2 Ne7 12. Rfb1 c5 13. Kf1 Nc6 14. c3 f6
15. a3 a5 16. Nc4 Kd7 17. a4 g5 18. Nxd6 cxd6 19. h4 g4 20. Ke2 gxf3+ 21. Kxf3
Rag8 22. Rg1 Ke6 23. Rg3 Rxg3+ 24. fxg3 Rg8 25. Rd1 Rg4 26. b3 f5 27. exf5+
Kxf5 28. Kg2 Ke6 29. Bg5 d5 30. Rf1 c4 31. Rf6+ Kd7 32. dxc4 dxc4 33. bxc4 Rxc4
34. Rh6 Rxa4 35. Rxh5 Rc4 36. Rh7+ Ke6 37. h5 Rxc3 38. h6 Nd4 39. Rg7 Rc8 40.
h7 Rh8 41. g4 Nc6 42. Rxb7 a4 43. Rc7 Kd6 44. Bf6 Re8 45. Rxc6+ Kxc6 46. Bxe5
Rxe5 47. h8=Q Ra5 48. Qc3+ Rc5 49. Qb4 1-0

[Event "Catalunya-chT"]
[Site "?"]
[Date "1998.??.??"]
[Round "6"]
[White "De la Riva Aguado Oscar"]
[Black "Campos Moreno Javier B"]
[Result "1/2-1/2"]
[WhiteElo "2530"]
[BlackElo "2525"]
[PlyCount "31"]
[EventDate "1998.??.??"]
[Source "www.chesslib.no"]
[SourceDate "2004.05.04"]

1. e4 e5 2. Nf3 Nc6 3. Bb5 a6 4. Bxc6 dxc6 5. O-O Bg4 6. h3 h5 7. d3 Qf6 8.
Nbd2 Ne7 9. Re1 Ng6 10. d4 Nf4 11. dxe5 Qg6 12. Nh4 Bxd1 13. Nxg6 Nxg6 14. Rxd1
O-O-O 15. Re1 Nxe5 16. Nf3 1/2-1/2